Entry Personal Name
Number of records used in: 1
001 - CONTROL NUMBER
003 - CONTROL NUMBER IDENTIFIER
005 - DATE AND TIME OF LATEST TRANSACTION
- control field:
20230415112110.0
008 - FIXED-LENGTH DATA ELEMENTS
- fixed length control field:
230415|| aca||aabn | a|a d
040 ## - CATALOGING SOURCE
- Original cataloging agency:
JRU
- Transcribing agency:
JRU
100 ## - HEADING--PERSONAL NAME
- Personal name:
ROBERTS,G.C.K
670 ## - SOURCE DATA FOUND
- Source citation:
Work cat.: (JRU)8296: ROBERTS,G.C.K, DRUG ACTION AT THE MOLECULAR LEVEL